Genetics and mapping of barley stripe mosaic virus resistance in barley (Record no. 59896)
[ view plain ]
| 000 -LEADER | |
|---|---|
| fixed length control field | 00455nam a2200169Ia 4500 |
| 100 ## - MAIN ENTRY--AUTHOR NAME | |
| Personal name | Edwards M C |
| 245 #0 - TITLE STATEMENT | |
| Title | Genetics and mapping of barley stripe mosaic virus resistance in barley |
| 260 ## - PUBLICATION, DISTRIBUTION, ETC. (IMPRINT) | |
| Name of publisher | Phytopathology |
| Year of publication | 1996 |
| 300 ## - PHYSICAL DESCRIPTION | |
| Number of Pages | 184-187 |
| 650 ## - SUBJECT ADDED ENTRY--TOPICAL TERM | |
| Topical Term | Disease resistance |
| 650 ## - SUBJECT ADDED ENTRY--TOPICAL TERM | |
| Topical Term | Genetic mapping |
| 650 ## - SUBJECT ADDED ENTRY--TOPICAL TERM | |
| Topical Term | Hordeum vulgare |
| 650 ## - SUBJECT ADDED ENTRY--TOPICAL TERM | |
| Topical Term | RFLP |
| 700 ## - ADDED ENTRY--PERSONAL NAME | |
| Personal name | Steffenson B J |
| 942 ## - ADDED ENTRY ELEMENTS (KOHA) | |
| Koha item type | Journals |
| Withdrawn status | Lost status | Damaged status | Not for loan | Home library | Current library | Shelving location | Date acquired | Serial Enumeration / chronology | Koha item type |
|---|---|---|---|---|---|---|---|---|---|
| Journals | RRII Library | RRII Library | RFLP | 17/12/2021 | Volume 86, Issue 2 | Journals |